| 000 | 02061cam a22004934i 4500 | ||
|---|---|---|---|
| 003 | PE-LiUPU | ||
| 005 | 20250731173345.0 | ||
| 008 | 150706s2008 ck rb 000 0 spa d | ||
| 020 | _a9789588217505 | ||
| 035 | _a(Sirsi) i9789588217505 | ||
| 040 |
_aPE-LiUPU _bspa _cPE-LiUPU _erda |
||
| 049 | _aPRUA | ||
| 082 | 0 | 4 |
_a253 _bB57 _221 |
| 100 | 1 |
_aBlackaby, Henry, _eautor. |
|
| 245 | 1 | 0 |
_aLlamado a ser un líder de Dios : _bcómo Dios prepara a sus siervos para el liderazgo espiritual / _cHenry Blackaby y Richard Blackaby. |
| 264 | 1 |
_aColombia : _bCentros de Literatura Cristiana, _c2008. |
|
| 300 |
_a257 páginas ; _c21 centímetros |
||
| 336 |
_atext _2rdacontent |
||
| 337 |
_aunmediated _2rdamedia |
||
| 338 |
_avolume _2rdacarrier |
||
| 500 | _aLecciones de la vida de Josué -- en cubierta. | ||
| 504 | _aIncluye notas bibliográficas. | ||
| 505 | 0 | _aPosibilidades sin límite -- Aproveche los momentos de fidelidad -- Dios sobreedifica en el pasado -- La presencia de Dios: el secreto del éxito -- Obediencia que llega lejos -- Carácter, el fundamento del liderazgo -- Fe que derriba murallas -- Influencia que hace la diferencia -- Los principios del liderazgo de Josué. | |
| 526 | _aSEG42 | ||
| 526 | _aSEG41 | ||
| 526 | _aSEG40 | ||
| 526 | _aSEG39 | ||
| 526 | _aP94 | ||
| 526 | _aP87 | ||
| 526 | _aP86 | ||
| 526 | _aP85 | ||
| 526 | _aP77 | ||
| 526 | _aP76 | ||
| 526 | _aP35 | ||
| 541 | _g002-000018; | ||
| 650 | 0 | 4 | _aLiderazgo. |
| 700 | 1 |
_aBlackaby, Richard, _eautor. |
|
| 910 |
_agl _bjv _clch _d20091127 |
||
| 942 |
_2ddc _cBOOK |
||
| 949 |
_a253 B57 _wDEWEY _c1 _i60704 _d2015-10-18 _e2015-10-16 _lCCODEBUL1 _mBUL _n2 _p11.00 _r0 _sY _tBOOK _u2015-7-6 _xTEOLOGIA _zUNKNOWN _0COMPRA _o.STAFF. Colección General |
||
| 994 |
_aC0 _bPEPRU |
||
| 596 | _a1 | ||
| 999 |
_a253 B57 _wDEWEY _c50104 _i60704 _d50104 _e2022-7-1 _f2021-11-10 _g5 _lCCODEBUL1 _mBUL _n6 _p11.00 _q2 _r0 _sY _tBOOK _u2015-7-6 _xTEOLOGIA _zUNKNOWN _0COMPRA _o.STAFF. Colección Teología |
||
| 980 |
_81 _gALBERTO SANCHEZ Responsable de Automatización |
||